[Event "Paris GCT 2017 Blitz"]
[Site "Paris"]
[Date "2017.06.25"]
[Round "11"]
[White "Vachier-Lagrave, Maxime"]
[Black "So, Wesley"]
[Result "1-0"]
[WhiteElo "2783"]
[BlackElo "2789"]
[Annotator "TA"]
[PlyCount "49"]
[EventDate "2017.??.??"]
[EventType "tourn"]
[EventCountry "FRA"]
[SourceTitle "playchess.com"]
[Source "ChessBase"]
[SourceQuality "1"]

{[%evp 10,49,18,0,0,0,10,11,8,5,10,0,0,0,33,18,26,23,34,30,30,19,90,68,93,76,121,116,135,133,125,136,231,232,333,345,509,518,513,507,753,527]} 1. e4 e5 2. Nf3 Nc6 3. Bc4 Bc5 4. c3 Nf6 5. d3 O-O 6. Bg5 Be7 {C54: Giuoco Piano: 4 c3 Nf6, main lines with 5 d4 and 5 d3} (6... h6 $5 {[%cal Rh6g5]} 7. Bh4 a5 $11) (6... d6 7. Nbd2 h6 8. Bh4 g5 9. Nxg5 hxg5 10. Bxg5 Kg7 11. Qf3 Be6 12. b4 Bb6 13. Bd5 a5 14. b5 Nb8 15. Bxb7 {½-½ (53) Carlsen,M (2840)-Karjakin,S (2785) Wijk aan Zee 2017}) 7. Nbd2 d6 (7... h6 $5 {[%cal Rh6g5]} 8. Bxf6 Bxf6 $11) 8. Bb3 h6 {The position is equal.} 9. Bh4 Nh5 10. Bg3 Na5 11. Bc2 $146 ({Predecessor:} 11. O-O Nxb3 12. axb3 f5 13. exf5 Bxf5 14. Qe2 Nxg3 15. hxg3 {½-½ (21) Fernandez,J (2219)-Baranowski,T (2287) LSS email 2011}) 11... f5 12. exf5 Bxf5 13. d4 Bxc2 14. Qxc2 exd4 15. cxd4 {[%cal Bc3d4,Bd4d5][%mdl 32]} Kh8 (15... Qd7 $11) 16. O-O Qd7 17. d5 {[#] b4 is the strong threat.} c5 18. Rae1 Nxg3 19. hxg3 ({Don't take} 19. fxg3 Rae8 $14) 19... Rae8 20. Re6 Nc6 {[#]} (20... Kg8 $16 {was worth a try.} 21. a3 b5) 21. Qa4 $1 $18 {And now Rfe1 would win.} Rd8 (21... Nb8 $142 22. Qxd7 (22. Qxa7 Na6 $14) 22... Nxd7) 22. Qe4 Ne5 (22... Rf6 $142 23. Rxf6 Bxf6 24. dxc6 Qxc6 25. Qxc6 bxc6) 23. Rxe5 {White is clearly winning.} dxe5 24. Nxe5 Qd6 25. Ndc4 {Precision: White = 88%, Black = 45%.} 1-0

[Event "Paris GCT 2017 Blitz"]
[Site "Paris"]
[Date "2017.06.25"]
[Round "11"]
[White "Karjakin, Sergey"]
[Black "Caruana, Fabiano"]
[Result "0-1"]
[WhiteElo "2776"]
[BlackElo "2782"]
[Annotator "TA"]
[PlyCount "95"]
[EventDate "2017.??.??"]
[EventType "tourn"]
[EventCountry "FRA"]
[SourceTitle "playchess.com"]
[Source "ChessBase"]
[SourceQuality "1"]

{[%evp 30,95,0,0,0,0,0,-33,-28,-38,-26,-36,-20,-47,-41,-79,-76,-70,18,18,17,17,17,17,17,17,33,20,26,18,32,0,28,0,0,0,8,0,0,-6,21,-15,0,0,0,-41,0,0,34,13,11,11,10,14,18,0,0,0,14,14,37,45,76,81,75,85,75,22]} 1. e4 e6 2. d4 d5 3. Nd2 c5 4. exd5 Qxd5 5. Ngf3 cxd4 6. Bc4 Qd6 7. O-O Nf6 8. Nb3 Nc6 9. Nbxd4 Nxd4 10. Nxd4 a6 11. Re1 Qc7 12. Bf1 {C07: French Tarrasch: 3...c5, 4 Ngf3 and 4 exd5 Qxd5} Bd6 13. Nf5 Bxh2+ 14. Kh1 Kf8 15. Qd4 exf5 {[#]} 16. Qxf6 $1 {[%mdl 512] LiveBook: 3 Games} h6 (16... gxf6 17. Bh6+) 17. Qd4 {Threatens to win with g3.} Bd6 $1 {[#]} 18. Bd2 $146 {Strongly threatening Bc3.} ({Predecessor:} 18. Bc4 Bd7 19. b3 Qc5 {1-0 (63) Shankland,S (2656)-Chandra,A (2477) Saint Louis 2016}) 18... Be6 19. Bc3 Rh7 20. Rad1 Be7 (20... Bc5 $5 {[%cal Rc5d4]} 21. Bb4 Bxb4 22. Qxb4+ Kg8 $11) 21. Qe3 h5 ({And not} 21... Bxa2 22. b3 $16) 22. Qf3 Rc8 23. Bd3 Qc6 (23... g6 $15) 24. Qxc6 $11 Rxc6 {[#]} 25. Bxf5 $1 {[%mdl 512]} Rh6 (25... Bxf5 26. Bb4) 26. Be4 Rc7 27. Be5 Rc5 28. Bd4 Rc7 29. Be3 Rf6 30. Bd4 Rh6 $1 31. b3 b5 32. Be5 Rc8 33. f3 h4 34. Re2 Rh5 35. Bd4 b4 36. Bb7 {Hoping for Rxe6.} Rd8 37. Bxa6 Rhd5 38. Red2 $1 Bg5 39. Bc5+ (39. f4 {with more complications.} Bf6 40. Be3 Rxd2 41. Rxd2 Ra8 42. Bc5+) 39... Rxc5 40. Rxd8+ Bxd8 41. Rxd8+ {[%mdl 4096] Endgame KRB-KRB} Ke7 42. Rd2 Ra5 43. Bd3 Rxa2 44. Re2 Kd6 45. Re4 Kc5 46. Rxh4 {White is better.} Ra1+ 47. Kh2 Rd1 48. Be4 {[%mdl 32768] Precision: White = 39%, Black = 42%. . Loss on Time!?} (48. Bc4 $16) 0-1

[Event "Paris GCT 2017 Blitz"]
[Site "Paris"]
[Date "2017.06.25"]
[Round "12"]
[White "So, Wesley"]
[Black "Nakamura, Hikaru"]
[Result "1-0"]
[WhiteElo "2789"]
[BlackElo "2792"]
[Annotator "TA"]
[PlyCount "57"]
[EventDate "2017.??.??"]
[EventType "tourn"]
[EventCountry "FRA"]
[SourceTitle "playchess.com"]
[Source "ChessBase"]
[SourceQuality "1"]

{[%evp 19,57,22,29,22,22,27,18,0,3,0,15,26,31,36,22,29,25,22,43,38,52,47,78,81,78,77,115,85,139,149,224,218,695,337,287,216,908,900,927,626]} 1. Nf3 d5 2. e3 Nf6 3. c4 e6 4. b3 c5 5. Bb2 Nc6 6. cxd5 exd5 7. Bb5 Bd6 8. O-O O-O {A13: English Opening: 1...e6} 9. d4 Bg4 (9... cxd4 10. Nxd4 Bc7 11. Nd2 Nxd4 12. Bxd4 Qd6 13. g3 Bh3 14. Re1 Rac8 15. Bf1 Bg4 16. Be2 {½-½ (55) Eljanov,P (2755)-Wei,Y (2706) Wijk aan Zee 2017}) 10. dxc5 Bxc5 {LiveBook: 28 Games. The position is equal.} 11. h3 Bh5 12. Nc3 a6 13. Bxc6 bxc6 {[#]} 14. Rc1 $146 ({Predecessor:} 14. Ne2 Bd6 15. Ned4 Qd7 16. Qc2 c5 17. Nf5 Bxf3 18. gxf3 Nh5 19. Rfd1 d4 20. exd4 c4 21. bxc4 {1-0 (30) Ragger,M (2644)-Poghosyan,S (2257) Yerevan 2014}) 14... Bd6 15. Ne2 Bxf3 16. gxf3 Rc8 17. Qd3 Nd7 18. f4 $36 {[%mdl 2048] White has good play.} Re8 19. Ng3 ({Much weaker is} 19. Qxa6 Nc5 $17) 19... Bf8 20. Qxa6 Nc5 21. Qe2 Ra8 22. Ba1 Qd7 23. Kh2 $1 Ne6 (23... Ne4 $142) 24. Qg4 $16 Rxa2 (24... f6 $16 25. a4 Kh8) 25. Nh5 $18 Kh8 $2 {[#]} (25... f5 26. Nf6+ Kh8) 26. Nf6 (26. Nxg7 $142 $1 {[%mdl 512]} d4 (26... Nxg7 27. Qxd7) 27. Nxe8 Qxe8 28. f5 Qb8+ 29. Kg1) 26... Qd8 27. Qf5 {[%csl Gf6][%cal Rf5h7]} g6 $2 (27... gxf6 28. Bxf6+ Ng7 29. Rxc6 {[#]} Qe7 $1 {[%mdl 512]}) 28. Nxe8+ Rxa1 29. Qxf7 {Precision: White = 78%, Black = 33%.} 1-0

[Event "Paris GCT 2017 Blitz"]
[Site "Paris"]
[Date "2017.06.25"]
[Round "12"]
[White "Caruana, Fabiano"]
[Black "Vachier-Lagrave, Maxime"]
[Result "1/2-1/2"]
[WhiteElo "2782"]
[BlackElo "2783"]
[Annotator "TA"]
[PlyCount "85"]
[EventDate "2017.??.??"]
[EventType "tourn"]
[EventCountry "FRA"]
[SourceTitle "playchess.com"]
[Source "ChessBase"]
[SourceQuality "1"]

{[%evp 21,85,0,3,11,15,5,19,0,19,-13,0,-14,-14,-10,12,18,15,22,60,16,11,12,10,8,0,0,24,21,30,26,27,27,35,25,31,32,37,10,13,14,16,14,14,0,62,59,56,58,97,54,79,0,0,0,0,0,0,0,0,0,0,0,0,0,0,0]} 1. e4 c5 2. Nc3 d6 3. Nge2 Nf6 4. h3 Nc6 5. d4 cxd4 6. Nxd4 e5 7. Nf3 h6 8. Bc4 Be6 {B56: Classical Sicilian: Unusual Lines} 9. Bb3 Be7 10. O-O O-O 11. Qe2 (11. Be3 Na5 12. Qe2 Rc8 13. Rfd1 Nc4 14. Bxc4 Bxc4 15. Qe1 Qc7 16. a4 b6 17. Nh4 Be6 18. Nf5 Bxf5 19. exf5 Rfd8 {½-½ (41) Andriasian,Z (2621)-Tseitlin,M (2399) St Petersburg 2013}) 11... Na5 {LiveBook: 3 Games} 12. Rd1 {With the idea Nxe5!} Nxb3 13. cxb3 Qa5 14. Be3 Rac8 $146 ({Predecessor:} 14... Rfd8 15. Bd2 Qb6 16. Rac1 Rd7 17. Be3 Qa5 18. Bd2 Qd8 19. Be3 {0-1 (55) Lopez Gracia,F (2319)-Antoli Royo,J (2430) Spain 2011}) 15. Nd2 d5 16. exd5 Nxd5 17. Nxd5 Bxd5 18. Nc4 Bxc4 19. bxc4 Rfd8 20. b3 Bc5 21. Bxc5 Qxc5 22. Qe4 b6 23. Rd3 (23. h4 {seems wilder.} Rb8 24. Qg4 Qb4 25. Rd7 b5 26. Rxa7 Qc5 27. Ra5) 23... Rxd3 24. Qxd3 $11 {[%mdl 4096] Endgame KQR-KQR} Re8 25. Rd1 e4 26. Qe3 Qa3 27. Rd2 Qc1+ 28. Kh2 Qa1 29. b4 Qe5+ 30. g3 Rc8 31. Rd4 f5 32. Rd5 Qf6 ({Better is} 32... Qb2 $11) 33. c5 $14 bxc5 34. bxc5 Rc6 35. Qf4 Qe7 36. Qxf5 ({White should try} 36. Re5 $16 g5 37. Qxf5 (37. Rxe7 gxf4 38. gxf4 Ra6 $16)) 36... Rf6 $1 $36 {[%cal Rf6f5][%mdl 2048] The position is equal. Black is more active.} 37. Qc8+ Rf8 38. Qd7 $1 {[%cal Rd7e7]} Rxf2+ 39. Kg1 Qf8 {[#] ( -> ...Rf1+)} 40. Qd8 Rxa2 41. c6 $1 Ra1+ 42. Kg2 Ra2+ 43. Kg1 {Precision: White = 55%, Black = 61%.} 1/2-1/2

[Event "Paris GCT 2017 Blitz"]
[Site "Paris"]
[Date "2017.06.25"]
[Round "12"]
[White "Grischuk, Alexander"]
[Black "Mamedyarov, Shakhriyar"]
[Result "0-1"]
[WhiteElo "2779"]
[BlackElo "2784"]
[Annotator "TA"]
[PlyCount "66"]
[EventDate "2017.??.??"]
[EventType "tourn"]
[EventCountry "FRA"]
[SourceTitle "playchess.com"]
[Source "ChessBase"]
[SourceQuality "1"]

{[%evp 18,66,16,28,31,29,25,22,60,26,66,5,13,7,0,0,0,0,0,4,7,-38,-34,-23,-20,-69,52,-38,-25,-31,-39,-34,-24,-329,-301,-381,-384,-491,-501,-443,-417,-1002,-993,-2069,-1118,-1056,-674,-687,-634,-29995,-29996]} 1. e4 e5 2. Nf3 Nc6 3. Bb5 {[%cal Bf1b5,Bb5a4,Ba4b3][%mdl 32]} a6 4. Ba4 Nf6 5. d3 b5 6. Bb3 Bc5 7. c3 d6 8. Bg5 {C77: Ruy Lopez: 3...a6 4 Ba4 Nf6, unusual lines} h6 (8... O-O 9. Nbd2 Be6 10. Bc2 Bb6 11. Nf1 h6 12. Bh4 g5 13. Bg3 Ne7 14. Ne3 Ng6 15. d4 Re8 {0-1 (44) Alekseev,E (2642)-Kasimdzhanov,R (2704) Berlin 2015}) 9. Bh4 Bb6 10. Nbd2 {LiveBook: 5 Games. The position is equal.} O-O 11. O-O Be6 12. Re1 Kh7 13. Bc2 $146 ({Predecessor:} 13. Nf1 Rg8 14. Bc2 g5 15. Bg3 Bg4 16. Ne3 Bh5 {1-0 (70) Wallgren,U (2073)-Agrest,I (2345) Sweden 2012}) 13... Ne7 14. d4 ({White should try} 14. Bxf6 $1 $14 gxf6 15. Bb3) 14... Ng6 $1 $11 15. Bg3 Re8 16. Nf1 Nh5 17. Ne3 {[%cal Rf3e5]} Nxg3 18. hxg3 c5 19. Nf5 cxd4 20. cxd4 exd4 21. Bb3 d5 (21... Ne5 $15 22. Bxe6 Nxf3+ 23. gxf3 fxe6 24. Nxd4 Qf6) 22. N3xd4 (22. N5xd4 $14 Qf6 23. Nxe6 (23. exd5 Bg4 $14) 23... fxe6 24. Bc2) 22... Qf6 $15 {And now ...dxe4 would win.} 23. Nxe6 fxe6 24. Ne3 $1 Rf8 $36 {[%mdl 2048] Black fights for an advantage.} 25. Qe2 $2 {[%mdl 8192]} (25. exd5 $11 {and White is okay.} Qxf2+ 26. Kh2) 25... d4 $19 {[%cal Bd5d4,Bd4d3][%mdl 32]} ({Stronger than} 25... dxe4 26. Ng4 $11) 26. Ng4 {[#]} Qg5 $1 27. Rad1 ({Don't play} 27. Bxe6 h5 $19) 27... h5 28. Nh2 {[#]} d3 $1 {[%cal Rd3e2][%mdl 512]} 29. Nf3 (29. Rxd3 $142 Rxf2 30. Qxf2 Bxf2+ 31. Kxf2) 29... Qxg3 30. Qxd3 Bxf2+ 31. Kh1 Nh4 {[%csl Gh4][%cal Rg3g2]} 32. e5+ Kh8 {[%csl Gh4][%cal Rg3g2]} 33. Rg1 Nxf3 {Precision: White = 28%, Black = 53%.} 0-1

[Event "Paris GCT 2017 Blitz"]
[Site "Paris"]
[Date "2017.06.25"]
[Round "12"]
[White "Topalov, Veselin"]
[Black "Carlsen, Magnus"]
[Result "0-1"]
[WhiteElo "2725"]
[BlackElo "2851"]
[Annotator "TA"]
[PlyCount "58"]
[EventDate "2017.??.??"]
[EventType "tourn"]
[EventCountry "FRA"]
[SourceTitle "playchess.com"]
[Source "ChessBase"]
[SourceQuality "1"]

{[%evp 15,58,25,34,23,15,-10,0,-5,-4,-4,-16,-49,0,0,0,0,0,0,0,0,0,0,19,15,13,-16,-10,-12,-23,-7,-2,-201,-208,-201,-218,-334,-307,-300,-275,-29960,-29969,-29962,-29962,-29992,-29993]} 1. c4 c6 2. d4 d5 3. Nf3 Nf6 4. e3 a6 5. Nc3 e6 6. b3 Bb4 7. Bd2 Nbd7 8. Bd3 O-O 9. Qc2 {D45: Semi-Slav: 5 e3} Qe7 10. Ne5 Nxe5 11. dxe5 {The position is equal.} Ng4 12. f4 f5 $146 ({Predecessor:} 12... Bc5 13. Ke2 Rd8 14. h3 Nxe3 15. Bxe3 Bxe3 16. Kxe3 d4+ {0-1 (38) Mamedyarov,S (2747)-Eljanov,P (2760) Wijk aan Zee 2016}) 13. g3 Rd8 14. h3 Nxe3 15. Bxe3 {[#] aiming for cxd5.} d4 16. Bd2 {Hoping for Na4.} dxc3 17. Bxc3 Bxc3+ 18. Qxc3 c5 19. O-O-O b6 20. g4 (20. Bc2 $5 {[%cal Rd1d8]}) 20... Bb7 $36 {[%mdl 2048] White is under pressure.} 21. Rhg1 Qh4 22. Bc2 Rxd1+ 23. Bxd1 $2 (23. Rxd1 $11 {and White stays safe.} fxg4 24. hxg4) 23... Qf2 $1 $19 {[%csl LRa2,LRf4,LRg1]} 24. Qg3 Qxa2 25. Qc3 (25. Bf3 {only move.} Be4 26. Bxe4 fxe4 27. Rd1) 25... Qf2 26. Qg3 {[#]} Qd4 $1 {[%cal Rd4a1]} 27. gxf5 $2 (27. Kb1 $19 Be4+ 28. Bc2) 27... Qa1+ {Black mates.} 28. Kd2 Rd8+ 29. Ke2 Qb2+ {Precision: White = 56%, Black = 80%.} 0-1

[Event "Paris GCT 2017 Blitz"]
[Site "Paris"]
[Date "2017.06.25"]
[Round "12"]
[White "Bacrot, Etienne"]
[Black "Karjakin, Sergey"]
[Result "1-0"]
[WhiteElo "2688"]
[BlackElo "2776"]
[Annotator "TA"]
[PlyCount "85"]
[EventDate "2017.??.??"]
[EventType "tourn"]
[EventCountry "FRA"]
[SourceTitle "playchess.com"]
[Source "ChessBase"]
[SourceQuality "1"]

{[%evp 9,85,35,40,14,34,32,16,-16,-14,-6,-5,-12,-8,-43,-19,-35,0,-22,-20,-22,-20,-35,26,6,20,6,28,29,100,101,214,224,291,284,277,202,200,204,330,179,206,108,114,110,274,269,277,56,55,54,66,43,116,104,170,182,206,206,215,203,325,333,346,318,29972,29970,29987,309,328,325,1891,1495,1423,1397,29992,29983,29997,29998]} 1. e4 c5 2. Nf3 d6 3. Nc3 a6 4. g3 b5 5. Bg2 Bb7 6. d3 {B50: Sicilian: 2...d6, Miscellaneous} Nc6 7. O-O e6 8. Ng5 {The position is equal.} Nf6 9. f4 h6 10. Nh3 Be7 11. Kh1 (11. f5 e5 12. Nd5 Nxd5 13. exd5 Nb8 14. c4 Nd7 15. Nf2 bxc4 16. dxc4 {0-1 (47) Quparadze,G (2481)-Pantsulaia,L (2607) Doha 2016}) 11... Qc7 12. Bd2 O-O-O $146 ({Predecessor:} 12... Nd4 13. Ne2 Nxe2 14. Qxe2 d5 15. e5 Nd7 16. f5 Qxe5 17. Qxe5 Nxe5 {0-1 (63) Fries Nielsen,J (2386)-Smith,A (2460) Koge 2013}) 13. a4 b4 14. Ne2 d5 {Hoping for ...dxe4.} 15. e5 $1 {[%cal Re5f6]} Nd7 (15... Ng4 $15) 16. c3 $11 a5 17. d4 Ba6 18. Rc1 b3 (18... g6 $11 {keeps the balance.}) 19. f5 $16 Rdf8 (19... Bc4 $16 {was called for.}) 20. Nhf4 $18 Nd8 21. Qxb3 Nb6 22. Be3 Nc4 23. Rf3 g5 (23... Qb7 $142 24. Qxb7+ Bxb7) 24. f6 (24. fxg6 $142 Nxe3 25. Rxe3) 24... g4 25. fxe7 ({Only move:} 25. Rf2 $1 $18) 25... gxf3 $16 26. exf8=Q Rxf8 $2 (26... fxg2+ $16 27. Nxg2 Rxf8) 27. Bxf3 $18 Nxe3 28. dxc5 $2 (28. c4 $18 Nxc4 29. Qc3) 28... Nc6 $14 29. Nd4 {And now Nb5 would win.} Nxe5 30. Re1 (30. c4 $5 N3xc4 31. Bg2 $16) 30... Nxf3 ({Better is} 30... Bc4 $14 31. Qa3 Nc2 32. Nxc2 Nxf3) 31. Rxe3 $16 ({Don't play} 31. Nxf3 $6 Qxc5 32. Ne5 Nf5 $11) 31... Nd2 (31... Ng5 $16) 32. Qc2 $1 $36 {[%cal Rc2d2][%mdl 2048] White is in control.} Nc4 {[#]} 33. Rf3 $1 {Threatens to win with Nfxe6!} Qxc5 {[#]} 34. Qf2 $1 Re8 (34... Rd8 $142) 35. Nd3 $1 {[%csl LRc5,LRf7]} Qd6 36. Rxf7 Ne5 $2 (36... Nb6 $18) 37. Nxe5 Qxe5 38. Nc6 $2 (38. Nb5 {mates} Qe4+ 39. Kg1 Qb1+ 40. Kg2 d4 41. Qxd4 Bb7+ 42. Kh3 Bg2+ 43. Kxg2) 38... Qe4+ 39. Kg1 {Intending Na7+ and mate.} Bb7 $2 (39... Qb1+ 40. Kg2 Qe4+ 41. Kh3 d4) 40. Qc5 {Na7+ would kill now.} Qe1+ 41. Rf1 Qd2 42. Ne5+ Kb8 43. Nd7+ {Precision: White = 48%, Black = 34%.} 1-0

[Event "Paris GCT 2017 Blitz"]
[Site "Paris"]
[Date "2017.06.25"]
[Round "13"]
[White "Carlsen, Magnus"]
[Black "Mamedyarov, Shakhriyar"]
[Result "1/2-1/2"]
[WhiteElo "2851"]
[BlackElo "2784"]
[Annotator "TA"]
[PlyCount "127"]
[EventDate "2017.??.??"]
[EventType "tourn"]
[EventCountry "FRA"]
[SourceTitle "playchess.com"]
[Source "ChessBase"]
[SourceQuality "1"]

{[%evp 19,127,22,29,22,24,24,20,24,24,12,25,23,25,28,29,28,33,0,0,-14,0,0,-3,-19,0,0,0,0,23,20,29,0,0,0,0,0,0,-8,0,0,0,0,18,19,50,50,52,50,57,49,49,49,49,35,35,35,35,35,42,42,49,49,49,42,43,28,28,28,28,28,50,49,55,28,50,50,50,0,42,42,122,122,122,122,564,308,270,0,87,8,8,8,8,8,8,8,8,8,8,8,8,8,8,8,8,8,8,8,8,-8]} 1. e4 e5 2. Nf3 Nc6 3. Bc4 Bc5 4. O-O Nf6 5. d3 d6 6. c3 a6 7. a4 {C54: Giuoco Piano: 4 c3 Nf6, main lines with 5 d4 and 5 d3} Ba7 8. Re1 h6 (8... O-O 9. h3 Ne7 10. d4 Ng6 11. Nbd2 c6 12. Bd3 Re8 13. Bc2 h6 14. Nf1 exd4 15. cxd4 {1-0 (40) Kramnik,V (2808)-Carlsen,M (2832) Stavanger 2017}) 9. Nbd2 O-O 10. Nf1 Re8 {LiveBook: 5 Games} 11. Qb3 Qe7 12. a5 Rb8 13. Be3 $146 ({Predecessor:} 13. Ng3 Be6 14. h3 Bxc4 15. Qxc4 Qe6 16. Qxe6 Rxe6 17. Be3 Bxe3 18. fxe3 Rd8 19. d4 Ree8 20. d5 Na7 21. Nd2 {½-½ (21) Diller,D (2046)-Hecht,C (2207) Willingen 2017}) 13... Be6 14. Bxe6 (14. Bxa7 {with more complications.} Nxa7 15. Qc2 Nc6 16. Ne3 Qd7 17. b4) 14... Qxe6 15. Qxe6 Rxe6 16. Bxa7 Nxa7 17. Ne3 Rd8 18. b4 d5 19. Rad1 dxe4 20. dxe4 Rxd1 21. Rxd1 Nxe4 22. Rd8+ Kh7 23. Rd7 Nxc3 {Strongly threatening ...Ncb5.} 24. Rxc7 Nc6 25. Rxf7 e4 26. Nd2 Re7 27. Rxe7 Nxe7 $11 {[%mdl 4096] Endgame KNN-KNN} 28. Nec4 Nc6 29. Nd6 Nxb4 30. Nxb7 Nc6 31. Nc4 Ne2+ 32. Kf1 Ned4 33. Nc5 Kg6 34. Nxe4 Nb3 35. Ke2 Kf5 36. Kd3 (36. Ned6+ {seems wilder.} Kf4 37. Ne8 g5 38. Nc7 Ncxa5 39. Nxa5 Nxa5 40. Nxa6 g4 41. Nc5) 36... Ncxa5 37. Nxa5 Nxa5 $14 {KN-KN} 38. Nc5 Nc6 39. Nxa6 Ne5+ 40. Ke2 g5 41. Nc5 h5 42. Nd3 Ng4 43. h3 Nf6 44. Ke3 Nd5+ 45. Kd4 Ne7 46. Nb4 Ng6 47. Nd5 g4 48. Ke3 Nh4 49. Nf4 {Hoping for g3.} Kg5 {[#]} ({Black should try} 49... Ke5 $1 $14 50. Nd3+ Kf5) 50. Ke4 $1 $16 gxh3 51. gxh3 ({Don't take} 51. Nxh3+ Kh6 $18) 51... Kh6 $2 {[%mdl 8192]} (51... Nf5 $16 {is tougher.} 52. Nxh5 Nd6+ 53. Kd5 Ne8) 52. Ne6 Kg6 53. Nf4+ $2 (53. f4 $18) 53... Kg5 (53... Kh6 $1 $11) 54. Nd5 (54. f3 $16) 54... Ng6 $1 $11 {The position is equal.} 55. f4+ Kh4 56. f5 Nf8 57. Nf4 {[#] Ng6+ would kill now.} (57. Nf6 $5 {[%cal Re4f4]}) 57... Nd7 58. Ng6+ Kxh3 59. Kf4 h4 60. Kg5 Nc5 61. Nxh4 Ne4+ 62. Kf4 Nd6 63. Nf3 {And now f6 would win.} Nxf5 64. Ke4 {Precision: White = 57%, Black = 55%.} 1/2-1/2

[Event "Paris GCT 2017 Blitz"]
[Site "Paris"]
[Date "2017.06.25"]
[Round "13"]
[White "Nakamura, Hikaru"]
[Black "Caruana, Fabiano"]
[Result "1/2-1/2"]
[WhiteElo "2792"]
[BlackElo "2782"]
[Annotator "TA"]
[PlyCount "151"]
[EventDate "2017.??.??"]
[EventType "tourn"]
[EventCountry "FRA"]
[SourceTitle "playchess.com"]
[Source "ChessBase"]
[SourceQuality "1"]

{[%evp 17,151,6,8,0,0,0,0,0,0,-22,0,-7,16,16,21,23,21,21,14,0,0,0,0,0,0,0,0,0,0,0,19,13,16,35,101,91,108,38,38,38,38,38,38,38,38,38,56,33,36,33,104,105,139,139,313,0,0,0,0,0,0,0,0,0,0,0,0,0,0,0,0,0,0,0,0,0,0,0,0,0,0,0,0,0,0,0,0,0,0,0,0,0,0,0,0,0,0,0,0,0,0,0,0,0,0,0,0,0,0,0,0,0,0,0,0,0,0,0,0,0,0,0,0,0,0,0,0,0,0,0,0,0,0,0,0,0]} 1. Nf3 d5 2. e3 Nf6 3. c4 e6 4. b3 Bd6 5. Bb2 O-O 6. d4 b6 7. Bd3 Bb7 8. Nbd2 Nbd7 9. O-O c5 {LiveBook: 18 Games. E14: Queen's Indian: Classical Variation (4 e3)} (9... Ne4 10. Ne5 Nxd2 11. Qxd2 Nxe5 12. dxe5 Bc5 13. Qe2 dxc4 14. Bxc4 Qg5 15. e4 Rad8 16. Rad1 Qf4 17. Bd3 Bd4 18. Bc1 Qxe5 19. Kh1 {0-1 (41) Kogan,A (2540)-Kovalenko,I (2700) Bastia 2015}) 10. Rc1 Qe7 11. cxd5 exd5 12. dxc5 $146 ({Predecessor:} 12. Qe2 a6 13. Rfd1 {0-1 (32) Mielczarski,M (2257)-Dziuba,M (2536) Koszalin 2007}) 12... bxc5 13. Re1 Rfe8 14. Nf1 Rad8 15. Ng3 g6 16. Bb5 a6 17. Ba4 Ne4 18. Nxe4 (18. b4 $5) 18... dxe4 19. Nd2 $1 Ne5 {White must now prevent ...Nd3.} 20. Bxe5 Qxe5 21. g3 Re6 22. Qe2 Qg5 23. Red1 h5 24. h4 Qf5 25. Nc4 Bd5 (25... Rf6 $14) 26. Nb6 $16 Re5 27. Nxd5 (27. Qxa6 $16 Kg7 28. Qe2 (28. Nxd5 Rxd5 29. Rxd5 Qxd5 $16)) 27... Rxd5 $14 28. Rxd5 Qxd5 29. Rd1 Qb7 30. Qc4 a5 31. Rd5 Qe7 32. Kg2 Qe6 33. Bc6 Rc8 {[#]} ({Better is} 33... Qc8 $14 34. Qa4 Qc7) 34. Bb7 $1 $16 {[%cal Rb7c8]} Rc7 35. Qa6 Bxg3 $2 (35... Bf8 $16 {might work better.}) 36. Rd8+ $2 ({Not} 36. Kxg3 Qg4+ 37. Kh2 Qxh4+ 38. Kg1 Qg4+ 39. Kf1 Kg7 $16) (36. fxg3 $18 Qg4 37. Rd2) 36... Kg7 $1 $11 {The position is equal.} 37. Qxe6 fxe6 38. Kxg3 Rxb7 {[%mdl 4096] Endgame KR-KR} 39. Ra8 c4 40. bxc4 Rc7 41. Rxa5 Rxc4 42. a4 Kf6 43. Ra8 Rc2 44. a5 Ra2 45. a6 e5 46. Kg2 Kf5 47. Kh3 Kf6 $1 48. Kg3 Ra1 49. f3 exf3 50. Kxf3 Ra4 51. Ke2 {aiming for a7.} Kf5 {Threatens to win with ...Kg4.} 52. Kf3 Kf6 53. e4 Ra3+ 54. Ke2 Ra4 55. Kd3 Kg7 56. Kc3 Rxe4 57. Kb3 {[#] Hoping for a7.} (57. a7 $5 {[%cal Ra8g8]} Ra4 58. Kd3 $11) 57... Re1 58. Rc8 {a7 is the strong threat.} Ra1 59. Rc6 e4 60. Kc2 e3 {And now ...e2 would win.} 61. Kd3 Ra3+ 62. Ke2 Kf7 63. Kf3 Kg7 64. Rc7+ Kf6 65. a7 g5 66. Rc6+ Kg7 67. Rc7+ Kg6 68. Rc6+ Kg7 69. hxg5 Rxa7 70. Kxe3 Ra4 71. Kf3 Rg4 72. Kf2 Rxg5 73. Rc3 Kf6 74. Rg3 Rxg3 75. Kxg3 h4+ 76. Kxh4 {Precision: White = 77%, Black = 72%.} 1/2-1/2